Unsweetened Lemonade - Amélie Farren - All Lyrics - Statistics

General Stats
  • This quiz has been taken 28 times
  • The average score is 229 of 291
Answer Stats
Answer % Correct
a
100%
bowl
100%
'cause
100%
'Cause
100%
I
100%
I'm
100%
is
100%
lemon
100%
lemonade
100%
so
100%
sweeten
100%
the
100%
up
100%
you
100%
at
94%
bitter
94%
die
94%
either
94%
go
94%
gonna
94%
I'd
94%
My
94%
my
94%
or
94%
sell
94%
soul
94%
sour
94%
'til
94%
to
94%
twelve
94%
twelve,
94%
was
94%
anything
88%
bucks,
88%
bucks
88%
do
88%
for
88%
her
88%
here
88%
in
88%
ninety-fuckin'-three
88%
ninety-three
88%
twenty
88%
can't
81%
ever
81%
Everything
81%
fucked
81%
guess
81%
reaper
81%
see?
81%
time
81%
citrus
75%
comin',
75%
cryin'
75%
decayed
75%
didn't
75%
knew
75%
love
75%
never
75%
over
75%
pride,
75%
pride
75%
tears
75%
years
75%
and
69%
but
69%
citrus
69%
don't
69%
I'll
69%
instead
69%
much
69%
no
69%
sittin'
69%
too
69%
apple
63%
are
63%
Attention
63%
bathroom,
63%
begun
63%
come,
63%
eyes
63%
finish
63%
had
63%
head
63%
like
63%
made
63%
of
63%
one
63%
One
63%
parents
63%
red,
63%
sharp
63%
starin'
63%
stupid
63%
sun
63%
there's
63%
think
63%
tongue
63%
until
63%
used
63%
with
63%
wouldn't
63%
acid
56%
being
56%
confrontation,
56%
control
56%
easier
56%
feel
56%
fight
56%
focus,
56%
heart
56%
It's
56%
it's
56%
make
56%
more
56%
quit
56%
smart
56%
spite
56%
strays
56%
tension,
56%
what's
56%
whore
56%
why
56%
won't
56%
Your
56%
you're
56%
above
50%
buy
50%
child
50%
compromised,
50%
Enemies
50%
groom
50%
hard
50%
hotel
50%
how
50%
just
50%
lovers,
50%
pathetic
50%
People
50%
pretty,
50%
price
50%
room
50%
sentences,
50%
you'll
50%
ego
44%
kids,
44%
One-sided,
44%
own
44%
pays
44%
sobbin'
44%
without
44%
Worthless
38%
bed
31%
conscience
31%
hearts
31%
trope
25%
No matching quizzes found
Score Distribution
Percent of People with Each Score
Percentile by Number Answered
Your Score History
You have not taken this quiz